000 00445nam a2200145 4500
001 131637
003 ES-MaACL
005 20230906194022.0
007 t|
008 070214s1911 sp r ||||1| spa d
100 1 _aRodríguez Cadarso, Alejandro.
_998397
245 1 0 _aMastoiditis y trepanación
_b: tesis doctoral /
_cAlejandro Rodríguez Cadarso.
260 _aMadrid :
_b[s.n.],
_c1911 (
_fTip. Juan Pérez)
852 _aES-MaACL
_jT-1227-F-10
999 _c131637
_d131637